000 00599nam a2200229Ia 4500
005 20241129120134.0
008 241129s9999||||xx |||||||||||||| ||und||
020 _a9788120333567
037 _aTB
040 _aSDCL
_beng
_cSDCL
041 _aeng
_2eng
084 _aD6512, Q9
_qSDCL
100 _aKumar A. Anand
_9460870
245 0 _aPulse and Digital Circuits
250 _a2nd
260 _aSonipat
_bPHI Learning Pvt Ltd
_c2019
300 _axviii,517p.+VP
365 _aINR
_b495
650 _aElectronic Science
942 _cTB
_hD6512, Q9
999 _c1233514
_d1233514